000 05242nam a2201813 c 4500
001 a7036962
003 PE-LiUPU
005 20250813170015.0
008 223101s2021 sp | |||| 000 0 spa
017 _aBI 1210-2021
_bOficina Depósito Legal Vizcaya
020 _a9788433031495
040 _aSpMaBN
_bspa
_cPE-LiUPU
_erda
_dPE-LiUPU
041 1 _aspa
_heng
080 _a616.89-008.485
082 _223
_a616.85852
_bF791c
100 1 _aFox, Daniel J.
_eautor
_4aut
240 1 4 _aThe borderline personality disorder workbook
_lEspañol
245 1 0 _aCuaderno de trabajo para el trastorno límite de la personalidad :
_bun programa integrativo para comprender y gestionar el TLP /
_cDaniel J. Fox ; traducción, Fernando Mora Zahonero
264 1 _aBilbao
_bDesclée De Brouwer,
_c[2021]
264 4 _c©2021
300 _a315 páginas :
_c21 centímetros.
336 _aTexto
_2rdacontent
337 _asin mediación
_2rdamedia
338 _avolumen
_2rdacarrier
490 0 _aBiblioteca de Psicología
_v258
504 _aBibliografía: páginas 311-315
505 _aUna nueva manera de entender el Trastorno Límite de la Personalidad (TLP) -- El ABC del TLP -- El TLP y el tratamiento eficaz -- El origen del TLP -- Apego y TLP -- ¿Cuál es nuestro tipo de TLP? -- Síntomas del TLP -- Primeros pasos para crecer más allá del TLP -- ¿Dónde nos hallamos en el proceso de cambio? -- Creencias, comportamientos y beneficios que nos mantienen bloqueados -- Las ocho categorías de desencadenantes -- Reconocer las relaciones positivas y negativas – Abordar y cambiar las conductas y patrones negativos del TLP -- Liberarse de la trampa de los resortes emocionales -- Controlar las situaciones de alto riesgo -- Desafiar y cambiar las creencias disfuncionales -- Autotranquilizarnos para mejorar el control personal -- Fortalecer el amor y resolver los conflictos de relación -- Reconstruir nuestro mundo y edificar un nuevo yo -- Llegar al corazón del asunto -- Las distorsiones que alimentan el TLP -- Crecer más allá de los miedos, las creencias y los deseos destructivos -- Mecanismos de defensa y de estrategias sanas afrontamiento y respuesta -- Conquistar el conflicto interno de amor/odio -- Soltar y seguir adelante con el nuevo yo -- Mantener nuestro éxito y nuestro poder personal -- Mantener las ganancias -- La vida más allá del TLP.
526 _aP203
526 _aP200
526 _aSEG65
526 _aSEG64
526 _aSEG63
526 _aSEG62
526 _aSEG61
526 _aSEG60
526 _aSEG59
526 _aSEG58
526 _aSEG57
526 _aSEG56
526 _aSEG55
526 _aSEG54
526 _aSEG53
526 _aSEG52
526 _aSEG51
526 _aSEG50
526 _aSEG49
526 _aSEG48
526 _aSEG47
526 _aSEG46
526 _aSEG24
526 _aSEG23
526 _aSEG22
526 _aSEG21
526 _aSEG20
526 _aSEG19
526 _aSEG18
526 _aSEG17
526 _aSEG16
526 _aSEG14
526 _aSEG13
526 _aSEG12
526 _aSEG11
526 _aSEG10
526 _aSEG09
526 _aSEG06
526 _aSEG05
526 _aSEG04
526 _aSEG03
526 _aSEG02
526 _aSEG68
526 _aSEG66
526 _aSEG45
526 _aSEG25
526 _aSEG01
526 _aP163
526 _aP162
526 _aP161
526 _aP160
526 _aP159
526 _aP158
526 _aP157
526 _aP156
526 _aP155
526 _aP154
526 _aP153
526 _aP152
526 _aP151
526 _aP150
526 _aP149
526 _aP142
526 _aP141
526 _aP140
526 _aP139
526 _aP138
526 _aP137
526 _aP132
526 _aP131
526 _aP130
526 _aP126
526 _aP125
526 _aP124
526 _aP123
526 _aP115
526 _aP122
526 _aP121
526 _aP116
526 _a P114
526 _aP112
526 _aP111
526 _aP104
526 _aP103
526 _aP102
526 _aP101
526 _aP100
526 _aP96
526 _aP95
526 _aP93
526 _aP92
526 _aP91
526 _aP88
526 _aP83
526 _aP82
526 _aP79
526 _aP78
526 _aP75
526 _aP74
526 _aP71
526 _aP69
526 _a P51
526 _aP49
526 _aP48
526 _aP47
526 _aP33
526 _aP31
526 _a P30
526 _aP29
526 _aP27
526 _aP26
526 _aP25
526 _aP24
526 _a P22
526 _aP10
526 _aP09
526 _a P08
526 _aP06
526 _aP05
526 _aP04
526 _aP01
650 7 _aTrastornos límites de la personalidad
_2embne
655 7 _aPublicaciones de autoayuda
_2tgfbne
700 1 _aMora, Fernando
_qMora Zahonero
_etraductor
942 _2ddc
_cBK
_n0
999 _c61745
_d61745
980 _618226
_aJaime Vilcazán Jefe de Análisis Documental
_81
_gALBERTO SANCHEZ Responsable de Automatización